01400nam a2200277 i 450000100060000000300090000600500170001500700030003200800410003501600160007602000180009204000200011008000200013011100870015024503190023726000640055630000210062049000450064165100930068671000720077971000460085183000530089785200330095099900170098395201220100012676ES-MaACL20250830193304.0t|921013s1991 sp ||||0| spa d7 zSIC92007447 a84-7844-072-0 aSIC bspa cSIC a930.85(8=6:460)2 aEncuentro Internacional Quinto Centenario (d1990. cSan Juan de Puerto Rico)962810aImpacto y futuro de la civilización española en el Nuevo Mundo b: actas del Encuentro Internacional Quinto Centenario, Décima Asamblea General de la Asociación de Licenciados y Doctores Españoles en Estados Unidos, San Juan de Puerto Rico, 17-22 de abril de 1990 = Spanish Professionals in America, Inc. aMadrid : bSociedad Estatal Quinto Centenario, cD.L. 1991. a660 p ; c24 cm.1 aColección Encuentros. Serie seminarios aAmérica Latina-xCivilización-xInfluencia española-vCongresos y asambleas.977432 aAsociación de Licenciados y Doctores Españoles en EE.UU. 916142 aSociedad Estatal Quinto Centenario.967650 aColección Encuentros. Serie seminarios9228324 aES-MaACLjL-20018 bR.121707 c12676d12676 00104070aATENEOMbATENEOMcDEPO2d2008-01-17eSCl0oL-20018p1012913r2023-02-23 00:00:00w2023-02-23yMONOGRAFIA